000 00467nam a2200181Ia 4500
008 181130s2018 xx 000 0 und d
100 _aLal, Vinay
245 _aAmericana and the march against gun culture
260 _c2018
300 _ap.17-21.
504 _d5-May
650 _aGun culture - U.S.A.
650 _aViolence
650 _aViolence - America
650 _aYouth - U.S.A.
773 _aEconomic and Political Weekly
906 _aViolence
999 _c506405
_d506405